[Event "Joao Pessoa Fischer Memorial 9th"]
[Site "Joao Pessoa"]
[Date "2018.03.18"]
[Round "6"]
[White "Silva, Caio Marques"]
[Black "Pereira Rodrigues, Bruno Paulo"]
[Result "1/2-1/2"]
[WhiteElo "1658"]
[BlackElo "1626"]
[PlyCount "110"]
[EventDate "2018.03.16"]
[EventType "swiss"]
[EventRounds "6"]
[EventCountry "BRA"]
[SourceTitle "CBM 183 Extra"]
[Source "ChessBase"]
[SourceDate "2018.04.19"]
[SourceVersion "1"]
[SourceVersionDate "2018.04.19"]
[SourceQuality "1"]

1. c4 e6 2. Nc3 Nf6 3. g3 d5 4. Bg2 c6 5. b3 g6 6. Bb2 Bg7 7. Nf3 0-0 8. 0-0 Nbd7 9. Qc2 Re8 10. cxd5 exd5 11. d3 Nb6 12. Rfe1 Bd7 13. Rac1 Qc8 14. a4 a5 15. Ba3 Bh3 16. Bh1 Nbd7 17. Ng5 Be6 18. Nxe6 Rxe6 19. Nxd5 Nxd5 20. Bxd5 Re8 21. Bg2 Nf6 22. Bb2 Qd7 23. Bc3 Nd5 24. Bxg7 Kxg7 25. Bxd5 Qxd5 26. Qc4 Rad8 27. Qxd5 Rxd5 28. Rc4 Rxd3 29. b4 axb4 30. Rxb4 Rd7 31. e3 c5 32. Rc4 b6 33. Rb1 Rd6 34. Kf1 Red8 35. Rb2 Ra8 36. Ke2 f5 37. Rb5 Kf6 38. h4 Ke6 39. g4 fxg4 40. Rxg4 Rad8 41. Rb2 Kd7 42. h5 Kc6 43. hxg6 Rxg6 44. Rxg6+ hxg6 45. Kf3 Ra8 46. Ra2 c4 47. e4 Kc5 48. Ke3 Rd8 49. Rd2 Rxd2 50. Kxd2 Kd4 51. f3 g5 52. Kc2 c3 53. Kd1 Ke5 54. Kc2 Kd4 55. Kd1 Ke5 1/2-1/2